| 000 | 00488nam a22001577a 4500 | ||
|---|---|---|---|
| 005 | 20250717100925.0 | ||
| 008 | 250717b |||||||| |||| 00| 0 eng d | ||
| 020 | _a9789351437116 | ||
| 082 | _a343.54 SAP;1 R | ||
| 100 | _aSapre, Akshay. Gupta, Apar. | ||
| 245 | _aCommentary on information technology act with rules, regulations, orders, guidelines, reports and policy documents | ||
| 250 | _a3rd ed. | ||
| 260 |
_aHaryana _bLexis Nexis _c2016 |
||
| 300 | _alxix, 974 | ||
| 942 | _cLL | ||
| 999 |
_c300638 _d300638 |
||